000 00506nam a2200169 i 4500
001 51068
003 ES-MaACL
005 20230906162306.0
007 t|
008 030808s1927 fr ||||1| fre d
100 1 _aChantraine, Pierre.
_937988
245 1 0 _aHistoire du parfait grec /
_cPierre Chantraine.
260 _aParis :
_bHonoré Champion,
_c1927 (
_eMaçon :
_fProtat Frères)
300 _aX, 264 p. ;
_c26 cm.
650 0 4 _aLengua griega-
_xVerbo.
_914253
852 _aES-MaACL
_jB-10536
_bR.21733
999 _c51068
_d51068